00278 a2200097 4500082001600000100001300016245005300029260004400082300002700126650002700153 a620.003 MEH aMehta,S. aAcademic's Dictionary of Engineering /cS.Mehta aNew Delhi :cAcademic Publisher ,b2003 a460p. :bill. ;c24cm aEngineering dictionary